000 00369nam a2200145Ia 4500
008 240624s9999 xx 000 0 und d
041 _aeng
082 _a337 OHM
100 _aOHMAE KENICHI
245 _aBORDERLESS WORLD POWER AND STRATEGY IN T
250 _a(Revised Edition ed.)
260 _c1999
_aNew York
_bHarperCollins
300 _a276 : p.
365 _c
_b25
999 _c19495
_d19495